000 00912 a2200253 4500
999 _c5497
_d5497
020 _a9780763749743 (pbk.)
020 _a0763749745 (pbk.)
050 0 0 _aRA395.A3SUL2009
100 1 _aSultz, Harry A.
245 1 0 _aHealth care USA :
_bunderstanding its organization and delivery /
_cHarry A. Sultz, Kristina M. Young.
250 _a6th ed., Thoroughly rev.
264 _aLondon:
_bJones and bartlett,
_c2009
300 _axxiii, 492 p. :
_bcol. ill. ;
500 _aincludes index
504 _aIncludes bibliographical references and index.
650 0 _aMedical care
650 0 _aMedical policy
650 1 2 _aDelivery of Health Care
650 2 2 _aHealth Policy
700 1 _aYoung, Kristina M.
856 4 1 _3Table of contents only
_uhttp://www.loc.gov/catdir/toc/ecip083/2007044092.html
942 _2lcc
_cBK
_h395.A3
_iSUL
_kRA